Sportarten schlecht beschrieben - Statistiken

Allgemein
  • Dieses Quiz wurde 219 mal gespielt
  • Das Durchschnittsergebnis liegt bei 7 aus 15
Antwortstatistiken
Hinweis Sportart % Korrekt
Ballett, aber es ist rutschig Eiskunstlauf
88%
Menschen stechen sich mit Metall ab Fechten
82%
Menschen verrichten Hausarbeit für einen Stein Curling
80%
Menschen drehen sich in das Wasser hinunter Turmspringen
69%
Vogelteile fliegen zwischen Schlägern Badminton
66%
Lieber mein Gesicht auf dem Boden, als der Ball Volleyball
61%
Hier wird mit Brettern unter den Füßen gejagt Biathlon
48%
Menschen prügeln sich für einen „Fuß“ Football
48%
Menschen hauen Plastik 50 cm vor sich hin und her Tischtennis
45%
Rutschen verleiht Flügel Skispringen
43%
Klemm dir einen Stock zwischen die Beine Hobby Horsing
32%
Ein Stock erlaubt Menschen sich zu bewegen Staffellauf
17%
Hier drehen wir den Werkzeugkasten Hammerwerfen
16%
4 Leute auf der Überholspur eingequetscht in eine Röhre 4er Bob
13%
Menschen versuchen Dschingis Khan zu sein Bogenschießen
10%
Keine übereinstimmenden Quizze gefunden
Verteilung der Resultate
Anzahl Personen mit jedem Resultat
Perzentil nach korrekt beantworteten Fragen
Ihre Resultats-Entwicklung
Sie haben dieses Quiz noch nicht gespielt